000 01283naa a22003377a 4500
001 BR8707678
003 BR-BrBNA
005 20250721154532.0
007 ta
008 250630b bl.|||m| |||| 00| 0 por d
040 _aBR-BrBNA
_bpor
_cBiblioteca Nacional de Agricultura
041 _a(Pt)
072 _aH20; A50
_b1112
_b4110
090 _aH20 BR8707678
100 1 _aCordeiro, Z.J.M.
100 1 _aShepherd, K.
100 1 _aCares, J.E.
111 1 _aSeminario sobre "Moko" da Bananeira
_cManaus, AM (Brazil)
_d28-30 Aug 1986
245 1 _aPlanejamento de pesquisa visando o controle do "Moko"
246 1 _a[Research planning to controll wilts]
246 1 _a[Annals of the Symposium about wilts in bananas]
500 _aAnais do Simposio sobre "Moko" da Bananeira Cruz das Almas, BA (Brasil): 1986. p. 63-68 [13 ref.] (BR8707678-AMS)
773 0 _tAnais do Simposio sobre "Moko" da Bananeira
_wH20 BR8707678
_gCruz das Almas, BA (Brasil), 1986. p. 63-68
650 _aBANANA
650 _aMURCHA BACTERIANA
650 _aCONTROLE INTEGRADO
650 _aPESQUISA AGRICOLA
490 _aDocumentos - Centro Nacional de Pesquisa de Mandioca e Fruticultura (Brazil)
_vno. 19
_xISSN 0101-7411
942 _cAMS
_2AGRIS
909 _a202506
_bLúcia
_c55
_dLúcia Elande
999 _c335467
_d335467